Top 13 best lil uzi vert songs - Statistics

General Stats
  • This quiz has been taken 1,904 times
  • The average score is 4 of 15
Answer Stats
Hint Answer % Correct
ML Money Longer
79%
7 7 am
69%
PQ Ps and Qs
61%
XO XO tour llif3
49%
YR You was right
42%
CG Canadian Goose
22%
MM money mitch
22%
BB Bad and Boujee
12%
SM Seven million
12%
HR hi roller
11%
RW Ronda winners
11%
GW grab the wheel
10%
TR team rocket
10%
PU pull up
3%
WT woke up like this
2%
No matching quizzes found
Score Distribution
Percent of People with Each Score
Percentile by Number Answered
Your Score History
You have not taken this quiz